[Event "Thailand op"]
[Site "Chiangmai"]
[Date "2023.06.30"]
[Round "4"]
[White "Kamalsyah, Muhammad"]
[Black "Bhavik, Ahuja"]
[Result "1-0"]
[WhiteElo "2188"]
[BlackElo "1992"]
[PlyCount "57"]
[EventDate "2023.06.28"]
[EventType "swiss"]
[EventRounds "9"]
[EventCountry "THA"]
[SourceTitle "CBM 215 Extra"]
[Source "ChessBase"]
[SourceDate "2023.09.30"]
[SourceVersion "1"]
[SourceVersionDate "2023.09.30"]
[SourceQuality "1"]

1. e4 e6 2. Qe2 e5 3. b3 Nc6 4. Bb2 g6 5. f4 Bg7 6. fxe5 Nxe5 7. d4 Nc6 8. Nf3 Nge7 9. c4 d6 10. d5 Ne5 11. Nxe5 dxe5 12. Nd2 0-0 13. 0-0-0 a5 14. c5 f5 15. Qc4 Kh8 16. Nf3 fxe4 17. Nxe5 Nf5 18. d6 Ne3 19. Qf7 Qf6 20. d7 Nxd1 21. Nxg6+ hxg6 22. Bxf6 Rxf7 23. d8Q+ Kh7 24. Bxg7 Kxg7 25. Bc4 Rd7 26. Qg8+ Kh6 27. Qh8+ Kg5 28. h4+ Kf4 29. Qf6+ 1-0

[Event "Munich Pfingst op-A 1st"]
[Site "Munich"]
[Date "2023.06.01"]
[Round "2"]
[White "Bhavik, Ahuja"]
[Black "Miller, Eduard"]
[Result "1/2-1/2"]
[WhiteElo "1992"]
[BlackElo "2333"]
[PlyCount "90"]
[EventDate "2023.05.31"]
[EventType "swiss"]
[EventRounds "9"]
[EventCountry "GER"]
[SourceTitle "CBM 214 Extra"]
[Source "ChessBase"]
[SourceDate "2023.07.31"]
[SourceVersion "1"]
[SourceVersionDate "2023.07.31"]
[SourceQuality "1"]

1. e4 c6 2. d4 d5 3. Nc3 dxe4 4. Nxe4 Nf6 5. Nxf6+ exf6 6. c3 Bd6 7. Bd3 Nd7 8. Ne2 0-0 9. Qc2 h6 10. Be3 Re8 11. 0-0-0 f5 12. Bxf5 Nf6 13. Ng3 Bxg3 14. hxg3 Qd5 15. Bxc8 Raxc8 16. c4 Qxg2 17. Qf5 Qe4 18. Qxe4 Nxe4 19. Rhe1 f5 20. Kc2 Kf7 21. b3 g5 22. d5 c5 23. d6 Red8 24. Rd5 Rxd6 25. Rxf5+ Rf6 26. Re5 Nxf2 27. Bxc5 Kg6 28. Bd4 Rd8 29. Rxg5+ hxg5 30. Bxf6 Rd6 31. Bc3 Rd7 32. b4 Kh5 33. Re2 Nh3 34. Re4 Nf2 35. Re2 Nh3 36. Re4 Nf2 37. Rd4 Re7 38. Rd5 Kg4 39. Be5 a6 40. Kb3 Ne4 41. c5 Kf3 42. Bd6 Rf7 43. a4 Ke3 44. b5 axb5 45. axb5 Rf1 1/2-1/2

[Event "IND-ch U15 47th"]
[Site "New Delhi"]
[Date "2022.12.03"]
[Round "8"]
[White "Naga Akhil Charan, B."]
[Black "Bhavik, Ahuja"]
[Result "1/2-1/2"]
[WhiteElo "1625"]
[BlackElo "2114"]
[PlyCount "74"]
[EventDate "2022.11.28"]
[EventType "swiss"]
[EventRounds "11"]
[EventCountry "IND"]
[SourceTitle "CBM 211 Extra"]
[Source "ChessBase"]
[SourceDate "2023.01.31"]
[SourceVersion "1"]
[SourceVersionDate "2023.01.31"]
[SourceQuality "1"]

1. Nf3 Nf6 2. g3 e6 3. Bg2 d5 4. 0-0 Be7 5. d3 0-0 6. Nbd2 Nc6 7. e4 dxe4 8. dxe4 e5 9. Qe2 Bg4 10. c3 a5 11. h3 Be6 12. Nc4 Nd7 13. Rd1 f6 14. Ne3 Qe8 15. Nd5 Bd6 16. Nh4 Ne7 17. Nxe7+ Bxe7 18. Nf5 Kh8 19. Nxe7 Qxe7 20. Be3 a4 21. Rd2 c6 22. Qd3 Rfd8 23. Rad1 Qf7 24. Qd6 Rdc8 25. c4 Nf8 26. b3 axb3 27. axb3 b5 28. f4 exf4 29. gxf4 bxc4 30. f5 Bd7 31. bxc4 Qxc4 32. Qe7 Re8 33. Qc5 Qf7 34. Bf4 Bc8 35. Qxc6 Bb7 36. Qc2 Rac8 37. Qd3 Re7 1/2-1/2

[Event "IND-ch U15 47th"]
[Site "New Delhi"]
[Date "2022.12.02"]
[Round "7"]
[White "Bhavik, Ahuja"]
[Black "Jain, Kushagra"]
[Result "1-0"]
[WhiteElo "2114"]
[BlackElo "1601"]
[PlyCount "53"]
[EventDate "2022.11.28"]
[EventType "swiss"]
[EventRounds "11"]
[EventCountry "IND"]
[SourceTitle "CBM 211 Extra"]
[Source "ChessBase"]
[SourceDate "2023.01.31"]
[SourceVersion "1"]
[SourceVersionDate "2023.01.31"]
[SourceQuality "1"]

1. e4 c5 2. Nc3 d6 3. g3 Nc6 4. Bg2 g6 5. d3 Bg7 6. Be3 e6 7. Nge2 Nd4 8. Qd2 Ne7 9. 0-0 0-0 10. Nd1 Nec6 11. c3 Nxe2+ 12. Qxe2 Rb8 13. f4 Bd7 14. e5 Qe7 15. d4 cxd4 16. cxd4 d5 17. Nf2 Rfc8 18. Rad1 Na5 19. b3 Nc6 20. f5 exf5 21. Bxd5 Nb4 22. Bg2 a6 23. a4 f6 24. Bf4 fxe5 25. dxe5 Be6 26. Qe3 Qc5 27. Rd8+ 1-0

[Event "IND-ch U15 47th"]
[Site "New Delhi"]
[Date "2022.11.28"]
[Round "1"]
[White "Bhavik, Ahuja"]
[Black "Jain, Chidesh"]
[Result "1/2-1/2"]
[WhiteElo "2114"]
[BlackElo "1332"]
[PlyCount "122"]
[EventDate "2022.11.28"]
[EventType "swiss"]
[EventRounds "11"]
[EventCountry "IND"]
[SourceTitle "CBM 211 Extra"]
[Source "ChessBase"]
[SourceDate "2023.01.31"]
[SourceVersion "1"]
[SourceVersionDate "2023.01.31"]
[SourceQuality "1"]

1. e4 e5 2. Nf3 Nc6 3. Bb5 a6 4. Ba4 d6 5. 0-0 Nf6 6. Re1 Be7 7. c3 0-0 8. d4 b5 9. Bb3 exd4 10. Nxd4 Bd7 11. Nd2 Re8 12. h3 h6 13. Nf1 Bf8 14. Ng3 g6 15. Bf4 Ne5 16. Qd2 c5 17. Bxe5 dxe5 18. Nf3 c4 19. Bc2 Qc7 20. Rad1 Rad8 21. Qe3 Kh7 22. Nh2 Be6 23. Qf3 Bg7 24. Nhf1 Rxd1 25. Rxd1 Rd8 26. Ne3 Rxd1+ 27. Qxd1 Qd7 28. Qxd7 Bxd7 29. Kf1 Kg8 30. Ne2 Bc6 31. f3 h5 32. Kf2 Kf8 33. a4 Ke7 34. Nc1 Kd6 35. Na2 a5 36. axb5 Bxb5 37. Nc1 Nd7 38. Ne2 Nc5 39. Ng3 Bh6 40. Nef5+ gxf5 41. Nxf5+ Ke6 42. Nxh6 Ba4 43. Bb1 Bb3 44. Nf5 Na4 45. Ng7+ Ke7 46. Nxh5 Nxb2 47. Ke2 a4 48. Ng3 a3 49. Nf5+ Kf8 50. Ne3 a2 51. Bxa2 Bxa2 52. Ng4 Nd3 53. Ke3 Bb3 54. g3 Kg7 55. Nh2 f6 56. f4 Nb2 57. fxe5 fxe5 58. Ng4 Nd3 59. Ke2 Nc5 60. Ke3 Nd3 61. Ke2 Nc5 1/2-1/2

[Event "World op 50th"]
[Site "Philadelphia"]
[Date "2022.07.04"]
[Round "9"]
[White "Cooke, Eric"]
[Black "Bhavik, Ahuja"]
[Result "1/2-1/2"]
[WhiteElo "2048"]
[BlackElo "2063"]
[PlyCount "68"]
[EventDate "2022.06.30"]
[EventType "swiss"]
[EventRounds "9"]
[EventCountry "USA"]
[SourceTitle "CBM 209 Extra"]
[Source "ChessBase"]
[SourceDate "2022.09.30"]
[SourceVersion "1"]
[SourceVersionDate "2022.09.30"]
[SourceQuality "1"]

1. e4 e6 2. d4 d5 3. Nc3 dxe4 4. Nxe4 Nd7 5. Nf3 Ngf6 6. Nxf6+ Nxf6 7. Bg5 h6 8. Bd2 c5 9. Bb5+ Bd7 10. Qe2 Qb6 11. Bxd7+ Nxd7 12. c3 cxd4 13. Nxd4 Bc5 14. Nb3 Be7 15. Be3 Qc7 16. 0-0-0 a6 17. Qf3 Bf6 18. Bf4 e5 19. Rhe1 0-0-0 20. Be3 Rhe8 21. Qe4 Re6 22. Rd5 Be7 23. Red1 Nf6 24. Rxd8+ Bxd8 25. Qb4 Be7 26. Bc5 Bxc5 27. Nxc5 Rb6 28. Qa3 Rd6 29. Rxd6 Qxd6 30. b4 Nd7 31. Nxd7 Kxd7 32. Qb3 Ke7 33. Qc4 b5 34. Qe4 Qe6 1/2-1/2

[Event "Novi Sad Put Svile Schev 3rd"]
[Site "Novi Sad"]
[Date "2021.08.02"]
[Round "1.1"]
[White "Petrovic, Vladan"]
[Black "Bhavik, Ahuja"]
[Result "1/2-1/2"]
[WhiteElo "1902"]
[BlackElo "1702"]
[PlyCount "70"]
[EventDate "2021.08.01"]
[EventType "schev"]
[EventRounds "9"]
[EventCountry "SRB"]
[SourceTitle "EXT 2022"]
[Source "ChessBase"]
[SourceDate "2021.10.06"]
[SourceVersion "1"]
[SourceVersionDate "2021.10.06"]
[SourceQuality "1"]
[WhiteTeam "Team A"]
[BlackTeam "Team B"]
[WhiteTeamCountry "SRB"]
[BlackTeamCountry "SRB"]

1. e4 e6 2. d4 d5 3. Nd2 dxe4 4. Nxe4 Nd7 5. Nf3 Ngf6 6. Nxf6+ Nxf6 7. Bf4 c5 8. dxc5 Nd5 9. Bg3 Bxc5 10. Bd3 a6 11. 0-0 0-0 12. Qe2 Nb4 13. Bc4 b5 14. Bb3 Bb7 15. Rad1 Qb6 16. Ne5 Bc6 17. Nd7 Bxd7 18. Rxd7 Nc6 19. c3 Ne7 20. Rfd1 Nf5 21. Be5 Ra7 22. Bc2 Rxd7 23. Rxd7 Qc6 24. Rc7 Qb6 25. Bxf5 exf5 26. Qf3 Qh6 27. h3 Bd6 28. Bxd6 Qxd6 29. Qc6 Qd1+ 30. Kh2 Qd2 31. Rc8 Qf4+ 32. Kg1 Qc1+ 33. Kh2 Qf4+ 34. Kg1 Qc1+ 35. Kh2 Qf4+ 1/2-1/2

[Event "Novi Sad Putnik Schev"]
[Site "Novi Sad"]
[Date "2021.07.20"]
[Round "4"]
[White "Bhavik, Ahuja"]
[Black "Sijakov, Neven"]
[Result "1-0"]
[WhiteElo "1608"]
[BlackElo "1451"]
[PlyCount "51"]
[EventDate "2021.07.18"]
[EventType "schev"]
[EventRounds "7"]
[EventCountry "SRB"]
[SourceTitle "EXT 2022"]
[Source "ChessBase"]
[SourceDate "2021.10.06"]
[SourceVersion "1"]
[SourceVersionDate "2021.10.06"]
[SourceQuality "1"]
[WhiteTeam "Theam B"]
[BlackTeam "Theam A"]
[WhiteTeamCountry "SRB"]
[BlackTeamCountry "SRB"]

1. e4 e5 2. Nf3 d6 3. d4 exd4 4. Nxd4 Nf6 5. Nc3 c6 6. Be2 Be7 7. Be3 0-0 8. g4 d5 9. exd5 Nxd5 10. Nxd5 Qxd5 11. Rg1 Qa5+ 12. c3 Rd8 13. Qc2 Bf6 14. Nb3 Qc7 15. Bd3 Qxh2 16. 0-0-0 g6 17. Rh1 Qc7 18. f4 Re8 19. Qf2 b6 20. g5 Bg7 21. Bd4 Ba6 22. Bxg7 Kxg7 23. Qd4+ Kg8 24. Rxh7 Kxh7 25. Rh1+ Kg8 26. Rh8# 1-0

[Event "Novi Sad Putnik Schev"]
[Site "Novi Sad"]
[Date "2021.07.18"]
[Round "2"]
[White "Bhavik, Ahuja"]
[Black "Pavlovic, Radivoj"]
[Result "1-0"]
[WhiteElo "1608"]
[BlackElo "1669"]
[PlyCount "81"]
[EventDate "2021.07.18"]
[EventType "schev"]
[EventRounds "7"]
[EventCountry "SRB"]
[SourceTitle "EXT 2022"]
[Source "ChessBase"]
[SourceDate "2021.10.06"]
[SourceVersion "1"]
[SourceVersionDate "2021.10.06"]
[SourceQuality "1"]
[WhiteTeam "Theam B"]
[BlackTeam "Theam A"]
[WhiteTeamCountry "SRB"]
[BlackTeamCountry "SRB"]

1. e4 c5 2. Nc3 Nc6 3. g3 g6 4. Bg2 Bg7 5. d3 b6 6. Be3 e6 7. Qc1 Bb7 8. Nge2 d6 9. 0-0 Nd4 10. f4 Ne7 11. Bf2 0-0 12. Nxd4 cxd4 13. Ne2 e5 14. c3 Rc8 15. Qd2 dxc3 16. Nxc3 exf4 17. gxf4 Nc6 18. Ne2 Bh6 19. Qe1 Qf6 20. d4 Na5 21. b4 Nc4 22. d5 Qb2 23. Bd4 Qd2 24. Qf2 Qxb4 25. f5 Qd2 26. Bh3 Rce8 27. Ng3 Qxd4 28. Qxd4 Be3+ 29. Qxe3 Nxe3 30. Rf3 Nc4 31. Rf2 f6 32. Rc1 b5 33. fxg6 hxg6 34. Be6+ Kg7 35. Bd7 Re7 36. Bxb5 Ne5 37. Rg2 Kh6 38. Rc3 Nf7 39. Nf5+ Kh7 40. Rh3+ Kg8 41. Rxg6# 1-0

[Event "Mumbai Wealth op 3rd"]
[Site "Mumbai"]
[Date "2018.01.02"]
[Round "4"]
[White "Isha, Sharma"]
[Black "Bhavik, Ahuja"]
[Result "1-0"]
[WhiteElo "2029"]
[BlackElo "1611"]
[PlyCount "109"]
[EventDate "2017.12.30"]
[EventType "swiss"]
[EventRounds "9"]
[EventCountry "IND"]
[SourceTitle "CBM 182 Extra"]
[Source "ChessBase"]
[SourceDate "2018.02.23"]
[SourceVersion "1"]
[SourceVersionDate "2018.02.23"]
[SourceQuality "1"]

1. e4 e6 2. d3 d5 3. Nd2 Nf6 4. g3 b6 5. Bg2 Bb7 6. Qe2 Be7 7. Ngf3 c5 8. 0-0 Nc6 9. e5 Nd7 10. Re1 Qc7 11. Nf1 0-0 12. h4 Rae8 13. Bf4 Qd8 14. Bh3 h6 15. N1h2 d4 16. c4 Qa8 17. h5 a6 18. Nd2 Nb4 19. Rec1 Bd8 20. Ng4 Bg5 21. a3 Bxf4 22. gxf4 Nc6 23. Ne4 Na5 24. Nd6 Bf3 25. Qc2 Rd8 26. Nh2 Bxh5 27. Bg2 Qb8 28. b4 f6 29. bxa5 fxe5 30. Nb7 Rde8 31. Qa4 Rf7 32. f5 Nf8 33. Qc6 Rxf5 34. Nd6 Rg5 35. Nxe8 Bxe8 36. Qxb6 Qa8 37. f3 Bc6 38. Kf2 Ng6 39. Rab1 Nf4 40. Qb8+ Qxb8 41. Rxb8+ Kh7 42. Bf1 Rh5 43. Ng4 Rf5 44. Rb6 Bxf3 45. Nh2 Bh5 46. Ke1 Rg5 47. Rxa6 Rg1 48. Kf2 Rh1 49. Nf3 e4 50. dxe4 d3 51. Rd6 g5 52. a6 Bg6 53. Rd7+ Kg8 54. Ke3 Be8 55. Rc7 1-0

[Event "Mumbai Wealth op 3rd"]
[Site "Mumbai"]
[Date "2018.01.01"]
[Round "3"]
[White "Bhavik, Ahuja"]
[Black "Ajay, Karthikeyan"]
[Result "0-1"]
[WhiteElo "1611"]
[BlackElo "2224"]
[PlyCount "84"]
[EventDate "2017.12.30"]
[EventType "swiss"]
[EventRounds "9"]
[EventCountry "IND"]
[SourceTitle "CBM 182 Extra"]
[Source "ChessBase"]
[SourceDate "2018.02.23"]
[SourceVersion "1"]
[SourceVersionDate "2018.02.23"]
[SourceQuality "1"]

1. e4 d6 2. d4 Nf6 3. Nc3 g6 4. Nf3 Bg7 5. Be3 0-0 6. h3 a6 7. a4 b6 8. Bd3 e6 9. 0-0 Bb7 10. Qd2 Nc6 11. Rfe1 e5 12. d5 Ne7 13. Nh2 Nd7 14. f3 f5 15. Kh1 f4 16. Bf2 g5 17. Ne2 Nf6 18. Ng1 Ng6 19. Ng4 h5 20. Nxf6+ Bxf6 21. Ne2 Qd7 22. Nc3 Kf7 23. Qd1 Rh8 24. Be2 Bc8 25. Kg1 Qe7 26. Nb1 Bd7 27. Nd2 Rag8 28. Nf1 g4 29. fxg4 hxg4 30. Bxg4 Bxg4 31. Qxg4 Nh4 32. Qe6+ Qxe6 33. dxe6+ Kxe6 34. Bxh4 Bxh4 35. Red1 f3 36. Ne3 fxg2 37. Nxg2 Bg3 38. Kf1 Rf8+ 39. Kg1 Rxh3 40. Ne1 Bf2+ 41. Kf1 Be3+ 42. Kg2 Rh6 0-1

[Event "Mumbai Wealth op 3rd"]
[Site "Mumbai"]
[Date "2017.12.31"]
[Round "2"]
[White "Mullick, Raahil"]
[Black "Bhavik, Ahuja"]
[Result "1-0"]
[WhiteElo "1775"]
[BlackElo "1611"]
[PlyCount "71"]
[EventDate "2017.12.30"]
[EventType "swiss"]
[EventRounds "9"]
[EventCountry "IND"]
[SourceTitle "CBM 182 Extra"]
[Source "ChessBase"]
[SourceDate "2018.02.23"]
[SourceVersion "1"]
[SourceVersionDate "2018.02.23"]
[SourceQuality "1"]

1. e4 e5 2. Nf3 Nc6 3. Bb5 a6 4. Ba4 Nf6 5. 0-0 Be7 6. Re1 b5 7. Bb3 d6 8. c3 0-0 9. h3 Na5 10. Bc2 c5 11. d4 Nd7 12. Nbd2 Nc6 13. d5 Ncb8 14. a4 Bb7 15. b4 cxb4 16. cxb4 bxa4 17. Nc4 Nb6 18. Na5 Bc8 19. Nd2 Qc7 20. Ba3 Bd7 21. Rc1 Qa7 22. Bd3 f5 23. Qc2 f4 24. Qd1 Bh4 25. Qe2 Be8 26. Kh1 Qd7 27. Nf3 Bh5 28. Nxe5 dxe5 29. Qxh5 Bxf2 30. Rf1 Bd4 31. Be2 Qd6 32. Bg4 N6d7 33. Be6+ Kh8 34. Nc4 Qc7 35. b5 Rc8 36. Nd6 1-0

[Event "London Classic op 8th"]
[Site "London"]
[Date "2016.12.13"]
[Round "6"]
[White "Bhavik, Ahuja"]
[Black "Kalerwa, Edwin M"]
[Result "1-0"]
[WhiteElo "1344"]
[BlackElo "1756"]
[PlyCount "67"]
[EventDate "2016.12.09"]
[EventType "swiss"]
[EventRounds "9"]
[EventCountry "ENG"]
[SourceTitle "CBM 176 Extra"]
[Source "ChessBase"]
[SourceDate "2017.03.02"]
[SourceVersion "1"]
[SourceVersionDate "2017.03.02"]
[SourceQuality "1"]

1. e4 d6 2. d4 c5 3. Nf3 cxd4 4. Nxd4 a6 5. Nc3 Nf6 6. Bg5 Qa5 7. Qd2 Nbd7 8. Be2 h6 9. Be3 b5 10. Nc6 Qc7 11. Nb4 Bb7 12. f3 e6 13. Qd4 d5 14. a3 e5 15. Nbxd5 Nxd5 16. Nxd5 exd4 17. Nxc7+ Kd8 18. Bf4 Rc8 19. 0-0-0 Bc5 20. Nd5 Re8 21. Bd3 Bxd5 22. exd5 Nf6 23. Bf5 Ra8 24. d6 g6 25. Bh3 g5 26. Bg3 Nd5 27. Bf2 Ne3 28. Bxe3 dxe3 29. Rd5 e2 30. Rxc5 e1Q+ 31. Rxe1 Rxe1+ 32. Kd2 Rb1 33. d7 Ke7 34. Rc8 1-0

[Event "Mumbai Wealth op U13"]
[Site "Mumbai"]
[Date "2016.02.01"]
[Round "5"]
[White "Avathanshu, Bhat"]
[Black "Bhavik, Ahuja"]
[Result "1/2-1/2"]
[WhiteElo "1313"]
[BlackElo "1233"]
[PlyCount "92"]
[EventDate "2016.01.28"]
[EventType "swiss"]
[EventRounds "9"]
[EventCountry "IND"]
[SourceTitle "CBM 170 Extra"]
[Source "ChessBase"]
[SourceDate "2016.02.25"]
[SourceVersion "1"]
[SourceVersionDate "2016.02.25"]
[SourceQuality "1"]

1. e4 c5 2. Nf3 Nc6 3. d4 cxd4 4. Nxd4 Nf6 5. Nc3 e5 6. Ndb5 d6 7. Bg5 a6 8. Na3 b5 9. Nd5 Be7 10. Bxf6 Bxf6 11. c3 0-0 12. h4 Be7 13. h5 Bg5 14. g4 Ne7 15. Nxe7+ Qxe7 16. Qf3 Qe6 17. Bh3 Bb7 18. Bg2 Rfd8 19. Qf5 Qxf5 20. gxf5 d5 21. exd5 Bxd5 22. Bxd5 Rxd5 23. Rg1 h6 24. Rd1 Rxd1+ 25. Kxd1 Rd8+ 26. Ke1 Rd5 27. f3 Rd3 28. Rf1 Bf4 29. Rf2 Rd6 30. c4 Bg3 31. cxb5 Bxf2+ 32. Kxf2 axb5 33. Nxb5 Rd2+ 34. Ke3 Rxb2 35. Nc3 Kf8 36. a4 Ke7 37. Ke4 f6 38. Kd5 Rb3 39. Kc4 Rb8 40. a5 Kd6 41. a6 Kc6 42. a7 Ra8 43. Nb5 Kb6 44. Kb4 Rd8 45. Ka4 Ra8 46. Kb4 Rd8 1/2-1/2